000 00387nam a2200169Ia 4500
001 22599
003 IN-NITTTR
005 20251114233255.0
008 251113s9999||||xx |||||||||||||| ||eng||
040 _beng
040 _cIN-NITTTR
041 _aeng
082 _a822 S26S
100 _aTilak Raghukul,
245 0 _aBernard Shaw :
_b saint joan /
_cTilak Raghukul
942 _2ddc
_cBK
999 _c25228
_d25228